Animal Alphabet 32 - Statistics

General Stats
  • This quiz has been taken 27 times
  • The average score is 23 of 26
Answer Stats
Picture Hint Answer % Correct
A Alligator
100%
B Bear
95%
C Cat
95%
D Dog
95%
E Elephant
95%
F Fish
91%
G Giraffe
91%
H Horse
91%
J Jellyfish
91%
K Kangaroo
91%
L Lion
91%
M Monkey
91%
O Octopus
91%
P Panda
91%
S Shark
91%
T Tiger
91%
V Vulture
91%
Y Yak
91%
Z Zebra
91%
Q Quail
86%
N Newt
82%
R Rhinoceros
82%
U Urchin
82%
I Insect
77%
W Warthog
73%
X X-Ray Fish
64%
No matching quizzes found
Score Distribution
Percent of People with Each Score
Percentile by Number Answered
Your Score History
You have not taken this quiz